Community treatment of juvenile offenders : (Record no. 60040)
[ view plain ]
| 000 -LEADER | |
|---|---|
| fixed length control field | 01086nam a2200289 a 4500 |
| 001 - CONTROL NUMBER | |
| control field | 60040 |
| 003 - CONTROL NUMBER IDENTIFIER | |
| rucl marc code | BD-RjUL |
| 005 - DATE AND TIME OF LATEST TRANSACTION | |
| control field | 20211209080810.0 |
| 008 - FIXED-LENGTH DATA ELEMENTS--GENERAL INFORMATION | |
| fixed length control field | 161228s1983 caua b 001 0 eng |
| 020 ## - INTERNATIONAL STANDARD BOOK NUMBER | |
| International Standard Book Number | 080392108X |
| 035 ## - SYSTEM CONTROL NUMBER | |
| System control number | (BD-RjUL)60164 |
| 040 ## - CATALOGING SOURCE | |
| Original cataloging agency | DLC |
| Transcribing agency | DLC |
| Modifying agency | DLC |
| Language of cataloging | eng |
| 041 ## - LANGUAGE CODE | |
| Language code of text/sound track or separate title | eng |
| 082 00 - DEWEY DECIMAL CLASSIFICATION NUMBER | |
| Classification number | 364.360973 |
| Edition number | 19 |
| Author mark and year | KOC 1983 |
| 100 1# - MAIN ENTRY--PERSONAL NAME | |
| Personal name | Kobrin, Solomon. |
| 9 (RLIN) | 178654 |
| 245 10 - TITLE STATEMENT | |
| Title | Community treatment of juvenile offenders : |
| Remainder of title | the DSO experiments / |
| Statement of responsibility, etc. | Solomon Kobrin, Malcolm W. Klein, written with Elaine M. Corry ... [et al.]. |
| 260 ## - PUBLICATION, DISTRIBUTION, ETC. (IMPRINT) | |
| Place of publication, distribution, etc. | Beverly Hills : |
| Name of publisher, distributor, etc. | Sage Publications, |
| Date of publication, distribution, etc. | c1983. |
| 300 ## - PHYSICAL DESCRIPTION | |
| Pagination | 341 p. : |
| Illustrations | ill. ; |
| Size | 23 cm. |
| 500 ## - GENERAL NOTE | |
| General note | Includes indexes. |
| 504 ## - BIBLIOGRAPHY, ETC. NOTE | |
| Bibliography, etc | Bibliography: p. 323-330. |
| 650 #0 - SUBJECT ADDED ENTRY--TOPICAL TERM | |
| Topical term or geographic name as entry element | Juvenile delinquency |
| Geographic subdivision | United States |
| General subdivision | Prevention. |
| 9 (RLIN) | 178655 |
| 700 1# - ADDED ENTRY--PERSONAL NAME | |
| Personal name | Klein, Malcolm W. |
| 856 42 - ELECTRONIC LOCATION AND ACCESS | |
| Materials specified | Publisher description |
| Uniform Resource Identifier | <a href="http://www.loc.gov/catdir/enhancements/fy0654/83013758-d.html">http://www.loc.gov/catdir/enhancements/fy0654/83013758-d.html</a> |
| Materials specified | Table of contents only |
| Uniform Resource Identifier | <a href="http://www.loc.gov/catdir/enhancements/fy0654/83013758-t.html">http://www.loc.gov/catdir/enhancements/fy0654/83013758-t.html</a> |
| 942 ## - ADDED ENTRY ELEMENTS (KOHA) | |
| Source of classification or shelving scheme | Dewey Decimal Classification |
| Koha item type | Books |
| Lost status | Source of classification or shelving scheme | Damaged status | Not for loan | Collection code | Permanent Location | Current Location | Shelving location | Date acquired | Total Checkouts | Full call number | Date last seen | Copy number | Koha item type |
|---|---|---|---|---|---|---|---|---|---|---|---|---|---|
| Dewey Decimal Classification | Not For Loan | Non-fiction | Central Library, University of Rajshahi | Central Library, University of Rajshahi | Reading Room | 07/06/1990 | 364.360973 KOC 1983 | 28/12/2016 | C-1 | Books |